000 00814nam a22002172a 4500
020 _a9789696374626
040 _cNSHSPK
082 _a618.92076
_bZAM
100 1 _aZaman, Sameera K.
_9126863
245 1 _aOSCEs in paediatrics /
_cSameera K. Zaman.
246 1 _aObjective Structured Clinical Examination in paediatrics
246 1 _aOSCEs in pediatrics
246 1 _aObjective Structured Clinical Examination in pediatrics
250 _aFourth edition
260 _aKarachi (Pakistan) :
_bParamount Books (Pvt.) Ltd.,
_c2022.
300 _a262 pages :
_billustrations (some color);
_c20 cm.
650 0 _aPediatric
_xOSCE
_9126864
650 0 _aPediatric
_xObjective Structured Clinical Examination
_9126865
942 _2ddc
_cBK
999 _c612291
_d612291